Contrato colectivo de trabajo Pontificia Universidad Católica de Valparaíso, 2004-2006
محفوظ في:
| مؤلف مشترك: | |
|---|---|
| التنسيق: | كتاب |
| اللغة: | الإسبانية |
| منشور في: |
Valparaíso
Pontificia Universidad Católica de Valparaíso
2004
|
| الطبعة: | 1a. ed |
| الموضوعات: | |
| الوسوم: |
إضافة وسم
لا توجد وسوم, كن أول من يضع وسما على هذه التسجيلة!
|
MARC
| LEADER | 00000cam a2200000 a 4500 | ||
|---|---|---|---|
| 001 | UCE0366 | ||
| 003 | CL-VaPUC | ||
| 008 | 140116e20040000cl |||||||||||||||||spa|d | ||
| 082 | 0 | 4 | |a 378 |b PON |2 21 |
| 110 | 2 | |a Pontificia Universidad Católica de Valparaíso |e author |9 572727 | |
| 245 | 1 | 0 | |a Contrato colectivo de trabajo Pontificia Universidad Católica de Valparaíso, 2004-2006 |
| 250 | |a 1a. ed | ||
| 300 | |a 33 p | ||
| 942 | |c BK | ||
| 945 | |d 20140116 11:53:00 |a dcastane | ||
| 260 | |a Valparaíso |b Pontificia Universidad Católica de Valparaíso |c 2004 | ||
| 650 | 0 | |a Sindicatos |9 255034 | |
| 650 | 7 | |a CONTRATOS COLECTIVOS |2 CL-VaPUC |9 388427 | |
| 650 | 7 | |a PERSONAL DE EDUCACION |2 CL-VaPUC |9 343517 | |
| 650 | 7 | |a PERSONAL ADMINISTRATIVO |2 CL-VaPUC |9 412747 | |
| 650 | 0 | |a Archivo histórico PUCV |9 255554 | |
| 583 | |a last modification |c 20140116 11:53:00 |k Rodrigo Vera | ||
| 999 | |c 354527 |d 354525 | ||
| 952 | |0 0 |1 0 |3 erb |4 0 |6 378_000000000000000_PON_2004 |7 0 |8 X |9 460468 |a FDOBUD |b FDOBUD |i 5017475 |o 378 PON 2004 |p 5017475 |r 2019-11-23 |w 2019-11-23 |y BK_X |z Catalogado en:20140116 |k FHP | ||